LEADER 01078nam--2200361---450- 001 990002837510203316 005 20131106120358.0 010 $a978-88-572-1913-4 035 $a000283751 035 $aUSA01000283751 035 $a(ALEPH)000283751USA01 035 $a000283751 100 $a20061117d2013----km-y0itay50------ba 101 0 $aita$aeng 102 $aIT 105 $aa|||||||001yy 200 1 $aIm-Fluss$fLetizia Cariello$ga cura di$dedited by Maria Albani Carpaneto 210 $aMilano$cSkira$d2013 215 $a183 p.$cin gran parte ill.$d21 cm 606 0 $aCoraggio$xCasi [:] Immersione$yFlaz$2BNCF 676 $a179.6 700 1$aCARIELLO,$bLetizia$0595240 702 1$aALBANI CARPANETO,$bMaria 801 0$aIT$bsalbc$gISBD 912 $a990002837510203316 951 $aXIII.5. 448$b242738 L.M.$cXIII.5.$d00343446 959 $aBK 969 $aUMA 979 $aPAOLA$b90$c20061117$lUSA01$h1526 979 $aPAOLA$b90$c20061121$lUSA01$h1438 979 $aANNAMARIA$b90$c20131106$lUSA01$h1203 996 $aIm-Fluss$9992969 997 $aUNISA LEADER 02107nam0 22004693i 450 001 VAN0169932 005 20230614033357.560 017 70$2N$a9783319241210 100 $a20210701d2016 |0itac50 ba 101 $aeng 102 $aCH 105 $a|||| ||||| 200 1 $aQuantum Kinetic Theory$fMichael Bonitz 205 $a2. ed 210 $aCham$cSpringer$d2016 215 $axviii, 406 p.$cill.$d24 cm 500 1$3VAN0169941$aQuantum Kinetic Theory$91813383 606 $a82D30$xStatistical mechanical studies of random media, disordered materials (including liquid crystals and spin glasses) [MSC 2020]$3VANC021482$2MF 606 $a82-XX$xStatistical mechanics, structure of matter [MSC 2020]$3VANC021931$2MF 606 $a00A79 (77-XX)$xPhysics [MSC 2020]$3VANC023182$2MF 606 $a82C40$xKinetic theory of gases in time-dependent statistical mechanics [MSC 2020]$3VANC023377$2MF 606 $a82B40$xKinetic theory of gases in equilibrium statistical mechanics [MSC 2020]$3VANC029247$2MF 610 $aBBGKY Hierarchy$9KW:K 610 $aDensity Operators$9KW:K 610 $aKinetics vs. molecular dynamics$9KW:K 610 $aMean-field approximation$9KW:K 610 $aNon-Markovian Effects$9KW:K 610 $aNon-equilibrium Green's Functions$9KW:K 610 $aQuantum Kinetic Equations$9KW:K 610 $aRandom phase approximation$9KW:K 610 $aSpin Statistics$9KW:K 610 $aT-matrix approximation$9KW:K 620 $aCH$dCham$3VANL001889 700 1$aBonitz$bMichael$3VANV106724$0810028 801 $aIT$bSOL$c20230616$gRICA 856 4 $uhttp://doi.org/10.1007/978-3-319-24121-0$zE-book ? Accesso al full-text attraverso riconoscimento IP di Ateneo, proxy e/o Shibboleth 899 $aBIBLIOTECA DEL DIPARTIMENTO DI MATEMATICA E FISICA$1IT-CE0120$2VAN08 912 $fN 912 $aVAN0169932 950 $aBIBLIOTECA DEL DIPARTIMENTO DI MATEMATICA E FISICA$d08CONS e-book 2833 $e08eMF2833 20210701 996 $aQuantum Kinetic Theory$91813383 997 $aUNICAMPANIA